Digital communications : (Record no. 188237)

000 -LEADER
fixed length control field 01185 a2200241 4500
003 - CONTROL NUMBER IDENTIFIER
control field Nust
005 - DATE AND TIME OF LATEST TRANSACTION
control field 20220816114218.0
010 ## - LIBRARY OF CONGRESS CONTROL NUMBER
LC control number 2008004786
020 ## - INTERNATIONAL STANDARD BOOK NUMBER
International Standard Book Number 0130304972
020 ## - INTERNATIONAL STANDARD BOOK NUMBER
International Standard Book Number 9780130304971
035 ## - SYSTEM CONTROL NUMBER
System control number (OCoLC)191865672
035 ## - SYSTEM CONTROL NUMBER
System control number (OCoLC)ocn191865672
040 ## - CATALOGING SOURCE
Transcribing agency Nust
082 00 - DEWEY DECIMAL CLASSIFICATION NUMBER
Classification number 621.382,RIC
100 1# - MAIN ENTRY--PERSONAL NAME
Personal name Rice, Michael.
9 (RLIN) 97419
245 10 - TITLE STATEMENT
Title Digital communications :
Remainder of title a discrete-time approach /
Statement of responsibility, etc. Michael Rice.
260 ## - PUBLICATION, DISTRIBUTION, ETC.
Place of publication, distribution, etc. Upper Saddle River, N.J. :
Name of publisher, distributor, etc. Pearson/Prentice Hall,
Date of publication, distribution, etc. c2009.
300 ## - PHYSICAL DESCRIPTION
Extent xxii, 778 p. :
Other physical details ill. ;
Dimensions 25 cm.
505 ## - FORMATTED CONTENTS NOTE
Formatted contents note Introduction (Page-1), Signals and Systems 1: A Review of the Basics (Page-23), Signals and Systems 2: Some Useful Discrete Time Techniques (Page-114), A Review of Probability Theory (Page-178), Linear Modulation 1: Modulation, Demodulation and Detection (Page-214), Linear Modulation 2: Performance (Page-305), Carrier Phase Synchronization (Page-359), Symbol Timing Synchronization (Page-434), System Components (Page-519, System Design (Page-604),
650 #0 - SUBJECT ADDED ENTRY--TOPICAL TERM
Topical term or geographic name entry element Telecommunication Engineering.
856 41 - ELECTRONIC LOCATION AND ACCESS
Materials specified Table of contents only
Uniform Resource Identifier <a href="http://www.loc.gov/catdir/toc/ecip0810/2008004786.html">http://www.loc.gov/catdir/toc/ecip0810/2008004786.html</a>
942 ## - ADDED ENTRY ELEMENTS (KOHA)
Source of classification or shelving scheme
Koha item type Reference
Holdings
Withdrawn status Lost status Source of classification or shelving scheme Damaged status Not for loan Permanent Location Current Location Shelving location Date acquired Full call number Barcode Date last seen Price effective from Koha item type Public note
          Military College of Signals (MCS) Military College of Signals (MCS) Reference 12/12/2016 621.382,RIC MCS34585 12/08/2016 12/12/2016 Reference Almirah No.22, Shelf No.1
© 2023 Central Library, National University of Sciences and Technology. All Rights Reserved.